El Papa y sus hermanos judíos.

Salvato in:
Dettagli Bibliografici
Autore principale: Rodríguez Elizondo, José (autor)
Natura: Libro
Lingua:inglese
Pubblicazione: Santiago, Chile: Andrés Bello, 2000.
Edizione:Primera edición.
Soggetti:
Tags: Aggiungi Tag
Nessun Tag, puoi essere il primo ad aggiungerne!!

MARC

LEADER 00000nam a22000007a 4500
003 CL-VaPUC
005 20250304142254.0
008 230915t2000 ||||| |||| 00| 0 eng d
999 |c 441803  |d 441801 
020 |a 956-13-1680-3 
040 |c Pontificia Universidad Católica de Valparaíso 
082 |2 22  |a 261.26 ROD 2000 
100 |a Rodríguez Elizondo, José  |e autor  |9 331463 
245 |a El Papa y sus hermanos judíos.  
250 |a Primera edición.  
260 |a Santiago, Chile:   |b Andrés Bello,   |c 2000. 
300 |a 238 páginas.  
500 |a c.1 Donación Sr. Jorge Precht Pizarro. 26-05-23. Biblioteca Teología.  
583 |c 20230915  |k Yessy Sthefany Diaz Vidal 
600 0 |9 866320  |a Juan Pablo II,  |q (Wojtyła, Karol Józef),   |c Papa  |d 1920-2005  |x Unidad de las religiones  
650 0 |9 884658  |a Religiones monoteístas  |x Unidad religiosa 
650 0 |9 313608  |a Cristianismo y judaismo   |x Relaciones  
650 0 |9 313771  |a Judíos  |x Aspectos históricos y religiosos  
942 |2 ddc  |c BK 
952 |0 0  |1 0  |2 ddc  |4 0  |6 261_260000000000000_ROD_2000  |7 0  |8 A  |9 591589  |a BIBTEO  |b BIBTEO  |d 2023-09-15  |e Donación   |i 5658656  |o 261.26 ROD 2000  |p 5658656  |r 2025-01-17  |t 1  |w 2023-09-15  |y BK  |k ICR